| 000 | 00754nam a2200253Ia 4500 | ||
|---|---|---|---|
| 003 | OSt | ||
| 005 | 20220918163747.0 | ||
| 006 | a|||||r|||| 00| 0 | ||
| 007 | ta | ||
| 008 | 220917b |||||||| |||| 00| 0 eng d | ||
| 020 | _a0262050641 (hbk) | ||
| 024 | _a156,843 | ||
| 037 | _cTextual | ||
| 040 |
_aARTS _cARTS _beng |
||
| 041 |
_2eng _aeng |
||
| 082 | _aVv, P1 | ||
| 245 | 0 |
_aBridges and boundaries _b historians political scientists and the study of international relations edited by Colin Elman and Miriam Fendius Elman |
|
| 260 |
_aLondon _bMIT Press _c2001 |
||
| 300 |
_ax, 431p. _ccm. |
||
| 490 | _aBCSIA studies in international security | ||
| 650 | _aHISTORY | ||
| 942 |
_hVv, P1 _cTEXL _2CC |
||
| 999 |
_c121311 _d121311 |
||